Statistics for Countries Missing an Extreme Point

Click here to take the quiz!

General Stats

  • This quiz has been taken 8 times
  • The average score is 9 of 14

Answer Stats

Missing extreme pointAnswer% Correct
SouthernEgypt
100%
SouthernMorocco
100%
EasternChad
83%
Eastern and NorthernMali
83%
WesternAlgeria
67%
WesternBotswana
67%
WesternCanada
67%
WesternZambia
67%
EasternEquatorial Guinea
50%
SoutherneSwatini
50%
WesternSomalia
50%
NorthernGuatemala
33%
NorthernGuinea-Bissau
33%
WesternUzbekistan
33%

Score Distribution

Percentile by Number Answered

Percent of People with Each Score

Your Score History

You have not taken this quiz